Normal view
MARC view
Entry Personal Name
001 - CONTROL NUMBER
- control field: 64899
003 - CONTROL NUMBER IDENTIFIER
- control field: OSt
005 - DATE AND TIME OF LATEST TRANSACTION
- control field: 20221207105609.0
008 - FIXED-LENGTH DATA ELEMENTS
- fixed length control field: 221207|| aca||aabn | a|a d
040 ## - CATALOGING SOURCE
- Original cataloging agency: OSt
- Transcribing agency: OSt
100 ## - HEADING--PERSONAL NAME
- Personal name: Dale Carnegie
670 ## - SOURCE DATA FOUND
- Source citation: Work cat.: (OSt): Dale Carnegie, Quick and easy way to effective speaking, 2019